| 000 | 00456cam a2200181ua 4500 | ||
|---|---|---|---|
| 020 |
_a0-675-208874-0 _c$ 31.00 |
||
| 041 |
_aeng _h |
||
| 082 |
_a551.48 _bFET/AP |
||
| 100 | _aFetter, C.W . | ||
| 245 |
_aApplied hydrogeology / _cC.W.Fetter. _hTextual Documents |
||
| 250 |
_a2 / _b. |
||
| 260 |
_aOhio : _bMerill publishing company , _c1988. |
||
| 300 | _a592 ; . | ||
| 365 | _a$ 31.00 | ||
| 504 | _a | ||
| 942 | _cBK | ||
| 999 |
_c10800 _d10800 |
||